000 00452nam a2200193Ia 4500
005 20240823031951.0
008 240823s9999||||xx |||||||||||||| ||und||
020 _a978-81-317-0441-7
041 _aENGLISH
082 _A530.12 P9
100 _a"Liboff,Richard L"
245 0 _aIntroductory Quantum Mechanics
250 _a4th
260 _c2009
_b"Pearson,"
500 _aYES
650 _aMechanics
_bPhysics
942 _cBK
999 _c192324
_d192324